header

Genomics in endocrinology (Record no. 242378)

MARC details
000 -LEADER
fixed length control field 03156nam a2200409 a 4500
082 04 - DEWEY DECIMAL CLASSIFICATION NUMBER
Classification number 616.4/042
245 00 - TITLE STATEMENT
Title Genomics in endocrinology
260 ## - PUBLICATION, DISTRIBUTION, ETC. (IMPRINT)
Place of publication Totowa, N.J. :
Name of publisher Humana Press,
Year of publication c2008.
300 ## - PHYSICAL DESCRIPTION
Number of Pages xi, 288 p. :
Other physical details ill.
490 1# - SERIES STATEMENT
Series statement Contemporary endocrinology
505 0# - FORMATTED CONTENTS NOTE
Formatted contents note Microarray-based gene expression analysis of endocrine systems: principles of experimental design and interpretation. -- Gene expression profiles and transcription factors involved in parathyroid hormone signaling in osteoblastic cells. -- Analysis of growth hormone effects on hepatic gene expression in hypophysectomized rats. -- Gene expression profiling in leiomyoma in response to GnRH therapy and TGF-beta. -- Gene profiling analysis of androgen receptor mediated function. -- Interrogating estrogen receptor [alpha] signaling in breast cancer by chromatin immunoprecipitation microarrays. -- Gene expression analysis of the adrenal cortex in health and disease. -- DNA microarray analysis of human uterine decidualization. -- Large-scale DNA microarray data analysis reveals glucocorticoid receptor-mediated breast cancer cell survival pathways. -- Application of microarrays for gene transcript analysis in type 2 diabetes. -- DNA microarray analysis of effects of TSH, iodide, cytokines, and therapeutic agents on gene expression in cultured human thyroid follicles. -- Genomics and polycystic ovary syndrome (PCOS): the use of microarray analysis to identify new candidate genes. -- Microarray analysis of alterations induced by obesity in white adipose tissue gene expression profiling. -- Novel molecular signaling and classification of human clinically nonfunctioning pituitary adenomas identified by microarray and reverse transcription-quantitative polymerase chain reaction. -- Gene expression studies of prostate hyperplasia in prolactin transgenic mice.
650 #0 - SUBJECT ADDED ENTRY--TOPICAL TERM
Topical Term Endocrine genetics.
Topical Term Endocrinology
Topical Term Endocrine glands
700 1# - ADDED ENTRY--PERSONAL NAME
Personal name Handwerger, Stuart.
Personal name Aronow, Bruce J.
856 40 - ELECTRONIC LOCATION AND ACCESS
Uniform Resource Identifier http://site.ebrary.com/lib/rucke/Doc?id=10222985

No items available.

© 2026 Rongo University
Contact us: librarian | system librarian | Rongo university